| 000 | 00523nam a22001697a 4500 | ||
|---|---|---|---|
| 005 | 20251108164156.0 | ||
| 008 | 250721s1987 xx 000 0 ara d | ||
| 082 | 1 | 4 | _a301,412/حرس |
| 100 | 1 | _aالحرستاني، عصام | |
| 245 | 1 | 0 | _aعالم المرأة " أو " هموم المرأة المعاصرة / |
| 264 | 1 |
_aعمان : _bدار عمار للنشر والتوزيع، _c1987. |
|
| 300 | _a213ص | ||
| 650 | 1 | 7 | _aالمرأة |
| 700 | 1 | _aالحسناوي، محمد | |
| 942 |
_2ddc _cBK |
||
| 999 |
_c5554 _d5554 |
||